| 000 | 00376 a2200169 4500 | ||
|---|---|---|---|
| 001 | 174398 | ||
| 020 | _a85-16-05257-5 | ||
| 040 | _cMagnum | ||
| 100 | _aMccaughrean, Geraldine | ||
| 240 | 1 | 0 |
_aPeter pan escarlate _lpor |
| 245 | 1 | 0 | _aPeter pan escarlate |
| 300 | _a343 | ||
| 362 | 0 | _a2006 | |
| 440 | 1 | _aModerna | |
| 697 | _aLITERATURA JUVENIL ESTRANGEIRA | ||
| 942 | _cBK | ||
| 999 |
_c174398 _d174398 |
||